Statistics for Andean Countries

Click here to take the quiz!

General Stats

  • This quiz has been taken 50,700 times
  • The average score is 7 of 7

Answer Stats

Country% Correct
Chile
99%
Argentina
98%
Peru
98%
Bolivia
96%
Colombia
96%
Ecuador
94%
Venezuela
91%

Score Distribution

Percentile by Number Answered

Percent of People with Each Score

Your Score History

You have not taken this quiz